000 00447cam a2200157 a 4500
020 _a0072426411 (student ed. : acidfree paper)
040 _cDLC
082 0 0 _a301 MCG 2002 A078 Or.
100 1 _aSchaefer, Richard T.
245 1 0 _aSociology :
_ba brief introduction /
250 _a4th ed.
260 _aBoston :
_bMcGraw-Hill,
_cc2002.
300 _axxxv, 539 p. :
_bill. (some col.), col. maps ;
_c28 cm.
650 0 _aSociology.
942 _cEK
999 _c15569
_d15569